000 00610nam a2200169 4500
001 5960
005 20181127180631.0
090 0 0 _aBUSINESS. No.12
245 0 0 _aStress causes and its management at workplace :
_ba case of kuensel corporation limited /
_cStudent Work.
_h
260 0 0 _a[Thimphu] :
_b[Royal Thimphu College],
_c2016.
300 _a33 pages.
_b
_c
_e
500 _aStudent research project for Business: 2016: Ms.Karma Lhaden, lecturer.
500 0 0 _aSpiral-bound xerographic copy.
650 _aBusiness Project.
_v
_x
_y
_z
_2
650 _aJob stress.
_v
_x
_y
_z
_2
650 _aStress management.
_v
_x
_y
_z
_2
999 _c5034
_d5034